Українська література пізнього Середньовіччя (друга половина XIII - XV ст.): Джерела. Система жанрів. Духовні інтенції. Постаті (Запис № 400701)
[ простий вигляд ]
| 000 -Лідер | |
|---|---|
| fixed length control field | 01894nam a22002897a 4500 |
| 003 - Ідентифікатор контрольного номера | |
| control field | UA-OsUOA |
| 001 - Контрольний номер | |
| control field | 114557 |
| 007 - Фіксоване поле фізичного опису | |
| fixed length control field | ta |
| 008 - Елементи даних фіксованої довжини – загальна інформація | |
| fixed length control field | 20151111b un ||||| |||| 00| 0 ukr d |
| 090 ## - Локальний шифр розміщення | |
| Класифікаційний індекс УДК | 82.09(477) |
| Авторський знак (НП) | П24 |
| 040 ## - Джерело каталогізації | |
| Агенція оригінальної каталогізації | UA-OsUOA |
| Мова каталогізації | ukr |
| Агенція, яка здійснювала перезапис | UA-OsUOA |
| Агенція, яка здійснювала модифікацію | UA-OsUOA |
| 041 ## - Код мови | |
| Код мови тексту/ звукової доріжки чи окремого заголовка (П) | ukr |
| 080 ## - Індекс Універсальної десяткової класифікації | |
| Індекс Універсальної десяткової класифікації (УДК) (НП) | 82.09(477) |
| 020 ## - Міжнародний стандартний книжковий номер (ISBN) | |
| Міжнародний стандартний книжковий номер (ISBN) (НП) | 978-966-193-073-4 |
| 100 ## - Основне введення – ім’я особи | |
| Ім’я особи (НП) | Пелешенко Ю. В. |
| 245 ## - Відомості про назву | |
| Назва (НП) | Українська література пізнього Середньовіччя (друга половина XIII - XV ст.): Джерела. Система жанрів. Духовні інтенції. Постаті |
| Решта назви (НП) | монографія |
| 260 ## - Публікація, розповсюдження і т.п. (Вихідні дані) | |
| Місце публікації, розповсюдження і т.п. (П) | К. |
| Ім’я/ наймення видавництва, розповсюджувача і т.п. (П) | Стилос |
| Дата публікації, розповсюдження і т.п. (П) | 2012 |
| 250 ## - Відомості про видання (редакцію) | |
| -- | 2-е вид., переробл і доповн. |
| 300 ## - Фізичний опис | |
| Обсяг | 608 с. |
| 520 3# - Резюме і т.п. | |
| Резюме, реферат, анотація, тощо (НП) | ЗмістВступ. Основні проблеми длослідження української літератури пізнього Середньовіччя (друга половина XIII - XV ст.)1. Літературний процес другої половини XIII - XV ст.2. Категорії гріха, кари Божої, каяття і спасіння в українській літературі X |
| 520 3# - Резюме і т.п. | |
| Резюме, реферат, анотація, тощо (НП) | III - XV ст.3. Туга за раєм4. Література епохи Передвідродження (кінець XIV - XV ст.): постаті та проблеми5.Духовні течії пізнього Середньовіччя і література6. Проблема єдності Церкви в українському письменстві XV ст.7. Тенденції розвитку ук |
| 520 3# - Резюме і т.п. | |
| Резюме, реферат, анотація, тощо (НП) | раїнської літератури пізнього Середньовіччя |
| 650 #7 - Додаткове предметне введення – тематичний термін | |
| Тематичний термін чи географічна назва, як елемент введення (НП) | 82 Література. Літературознавство |
| Джерело заголовка чи терміна | UDC |
| 942 ## - Додаткові елементи входу (Коха) | |
| Тип елемента Koha | Книги |
| 955 ## - Код типу видання за змістом | |
| Код типу видання за змістом (НП) | Наукові видання |
| Стан вилучень | Стан втрат | Джерело класифікації або схеми стелажів | Стан уражень | Не для кредиту | Постійне місце розташування | Поточне розміщення | Дата придбання | Джерело придбання | Вартість, звичайна ціна покупки | Інвентарний номер | Усього замовленно | Повний номер виклику | Штрих-код | Дата останнього перегляду | Ціна ефективна від | Тип елемента Koha |
|---|---|---|---|---|---|---|---|---|---|---|---|---|---|---|---|---|
| Universal Decimal Classification | ЧЗ - Читальна зала | ЧЗ - Читальна зала | 11/11/2015 | 45/2015 | 182.00 | 149581 | 82.09(477) П24 | 149581 | 09/02/2022 | 11/11/2015 | Книги | |||||
| Universal Decimal Classification | ЧЗ - Читальна зала | ЧЗ - Читальна зала | 11/11/2015 | 45/2015 | 182.00 | 149582 | 82.09(477) П24 | 149582 | 09/02/2022 | 11/11/2015 | Книги | |||||
| Universal Decimal Classification | ЧЗ - Читальна зала | ЧЗ - Читальна зала | 11/11/2015 | 45/2015 | 182.00 | 149583 | 82.09(477) П24 | 149583 | 15/11/2021 | 11/11/2015 | Книги |